Central Library OPAC University of Rajshahi

বীর-কন্যা প্রীতিলতা / (Record no. 44660)

MARC details
000 -LEADER
fixed length control field 00851nam a2200217 a 4500
001 - CONTROL NUMBER
control field 44660
003 - CONTROL NUMBER IDENTIFIER
rucl marc code BD-RjUL
005 - DATE AND TIME OF LATEST TRANSACTION
control field 20211209053909.0
008 - FIXED-LENGTH DATA ELEMENTS--GENERAL INFORMATION
fixed length control field 160719r19721970bg a|||| |||| 00| 0 ben d
035 ## - SYSTEM CONTROL NUMBER
System control number (BD-RjUL)4477
040 ## - CATALOGING SOURCE
Original cataloging agency BD-RjUL
Language of cataloging ben
Transcribing agency BD-RjUL
041 ## - LANGUAGE CODE
Language code of text/sound track or separate title ben
082 ## - DEWEY DECIMAL CLASSIFICATION NUMBER
Classification number 954.92
Author mark and year DAB 1972
100 ## - MAIN ENTRY--PERSONAL NAME
Personal name দস্তিদার, পূর্ণেন্দু
9 (RLIN) 127297
245 ## - TITLE STATEMENT
Title বীর-কন্যা প্রীতিলতা /
Statement of responsibility, etc. পূর্ণেন্দু দস্তিদার
260 ## - PUBLICATION, DISTRIBUTION, ETC. (IMPRINT)
Place of publication, distribution, etc. ঢাকা :
Name of publisher, distributor, etc. এম. আবদুল হক,
Date of publication, distribution, etc. ১৯৭০
-- [পুনর্মুদ্রণ ১৯৭২]
300 ## - PHYSICAL DESCRIPTION
Pagination ১১৫ পৃ. :
Illustrations চিত্র ;
Size ২৫ সেমি.
650 ## - SUBJECT ADDED ENTRY--TOPICAL TERM
Topical term or geographic name as entry element বাংলাদেশ
General subdivision ইতিহাস
9 (RLIN) 136992
Topical term or geographic name as entry element Bangladesh
General subdivision History
9 (RLIN) 136993
942 ## - ADDED ENTRY ELEMENTS (KOHA)
Source of classification or shelving scheme Dewey Decimal Classification
Koha item type Books
Holdings
Lost status Source of classification or shelving scheme Damaged status Not for loan Collection code Permanent Location Current Location Shelving location Date acquired Source of acquisition Cost, normal purchase price Total Checkouts Full call number Date last seen Date checked out Copy number Koha item type
  Dewey Decimal Classification     Non-fiction Central Library, University of Rajshahi Central Library, University of Rajshahi   05/09/1973 Nowroze kitabistan 4.50 5 B 954.92 DAB 1972 15/03/2020 10/03/2020 C-2 Books
  Dewey Decimal Classification   Not For Loan Non-fiction Central Library, University of Rajshahi Central Library, University of Rajshahi Reading Room 25/08/1973 Nowrose katabastan 4.50   B 954.92 DAB 1972 29/10/2018   C-1 Books